Statistics for All "5" Gum Flavors

Click here to take the quiz!

General Stats

  • This quiz has been taken 45 times
  • The average score is 5 of 13

Answer Stats

Answer% Correct
Rain
80%
Cobalt
78%
Prism
48%
React
43%
Flare
38%
Elixir
35%
Vortex
33%
Beta
30%
RPM
30%
Solstice
30%
Zing
23%
Lush
20%
Swerve
15%

Score Distribution

Percentile by Number Answered

Percent of People with Each Score

Your Score History

You have not taken this quiz